Lietuvos filosofinė mintis : chrestomatija /

Saved in:
Bibliographic Details
Other Authors: Mikelaitis, Gediminas.
Format: Book
Language:Lithuanian
Published: Vilnius : Aidai, 1996.
Subjects:
Tags: Add Tag
No Tags, Be the first to tag this record!
LEADER 00538nam a22001817a 4500
001 007683069-1
005 20020606104010.5
008 980122s1996 li ac b 001|||lit|d
020 |a 9986590353 
035 0 |a ocm38297952 
245 1 0 |a Lietuvos filosofinė mintis :  |b chrestomatija /  |c Gediminas Mikelaitis. 
260 |a Vilnius :  |b Aidai,  |c 1996. 
300 |a 434 p. :  |b ill., port. 
504 |a Includes bibliographical references and index. 
650 0 |a Philosophy, Lithuanian. 
700 1 |a Mikelaitis, Gediminas. 
988 |a 20020608 
906 |0 MH